Historical Threesomes Quiz Stats

 Plays Quiz Updated Apr 13, 2012

Challenge
Share
Tweet
Embed
Score 0/36 Timer 10:00
3 Plays Today
% Correct
Winston Churchill
71.6%
Franklin Delano Roosevelt
71.6%
Joseph Stalin
70.4%
Gaius Julius Caesar
65.4%
France
61%
British Empire
59.9%
Richmond, Virginia
56.4%
Russia
55.7%
Elba
55%
James Madison
48.7%
Ancient Greek
48.7%
Alexander Hamilton
45.5%
Brazil
45.2%
Corsica
45%
Argentina
44.1%
Egyptian Hieroglyphs
38.1%
Henry V
35.3%
St. Helena
34.9%
% Correct
Henry VI
34.7%
Uruguay
34.5%
Henry IV
33.4%
Juno
31.8%
New Kingdom
27.9%
Gold
27.4%
John Jay
26.3%
Middle Kingdom
25.2%
Sword
24.8%
Gnaeus Pompeius Magnus
24.4%
Old Kingdom
23.9%
Montgomery, Alabama
23.1%
Marcus Licinius Crassus
17%
Demotic
6.4%
Queen Anne's War
6.4%
King George's War
4.6%
Danville, Virginia
4%
King William's War
3.6%

You're not logged in!

Compare scores with friends on all Sporcle quizzes.
Join for Free
OR
Log In

You Might Also Like...

Show Comments

Extras

Top Quizzes Today


Score Distribution

Your Account Isn't Verified!

In order to create a playlist on Sporcle, you need to verify the email address you used during registration. Go to your Sporcle Settings to finish the process.

Report this User

Report this user for behavior that violates our Community Guidelines.

Details: